000 00510nam a2200193Ia 4500
005 20250923145133.0
008 008 250917s9999 xx 000 0 eng d
037 _aTextual
040 _aDSWL
_beng
_cDSWL
041 _aeng
_2eng
084 _aX:9B.2, N54
_qDSWL
245 0 _aChild labour in India
_cby Ministry of Labour,India
260 _aDelhi
_c1954
300 _avii,119p.
365 _aINR
_b1.25
925 _g1.25
942 _cTEXL
_hX:9B.2, N54
999 _c1447600
_d1447600